| 000 | 00652nam a2200217 i 4500 | ||
|---|---|---|---|
| 001 | 149852 | ||
| 003 | ES-MaACL | ||
| 005 | 20230906203301.0 | ||
| 007 | t| | ||
| 008 | 071024s1953 sp ||||1| spa d | ||
| 100 | 1 |
_aVan der Meersch, Maxence. _9113032 |
|
| 245 | 1 | 0 |
_aMaría, Hija de Flandes / _cpor Maxence Van der Meersch ; [traducción del francés por Esteban Molist]. |
| 250 | _a[1ª ed.]. | ||
| 260 |
_aBarcelona : _bJosé Janés, _c1953. |
||
| 300 |
_a282 p. ; _c15 cm. |
||
| 490 | 1 | _aAretusa | |
| 700 | 1 |
_aMolist Pol, Esteban. _982025 |
|
| 830 | 0 |
_aAretusa _9187571 |
|
| 852 |
_aES-MaACL _jC-6372 _bR.35170 |
||
| 999 |
_c149852 _d149852 |
||